000 00642nam a2200229 i 4500
001 C2-0244802
003 PPAK
005 20180727205953.0
008 030122s1963 io a|||| ||||| | may d
040 _aPPAK
_beng
_cPPAK
_erda
082 0 4 _a899.2213
_223
090 0 0 _a899.2213
_bBOE
_dKSA
100 1 _aBoesje, Motinggo,
_eauthor
245 1 0 _aHari ini tidak ada tjinta
264 1 _aDjakarta, Indonesia :
_bMega Bookstore ,
_c1963
300 _a85 pages :
_billustrations ;
_c18 cm
336 _2rdacontent
_atext
337 _2rdamedia
_aunmediated
338 _2rdacarrier
_avolume
650 1 0 _aIndonesian fiction
942 _ddc
_cB
999 _c58980
_d58980